00749 2200265 4500001002100000005001700021008004100038020002200079035002400101090001500125100001700140245009200157250001000249260003500259300001900294500003600313650003300349700002200382850001500404980001300419985000600432999001500438999001500453999001500468YOGYA-0209000003996020090227025614.0 ind  a979-959-3064-40-5 0010-020900000039960 a813bOso M aOSORIO, Elsa aMy name is lightcElsa Osorio; penerjemah, Kunti Saptoworini; editor, Sumarwoto, Aisyah aCet.1 aJakartabPustaka Alvabetc2007 a461 hlmc23 cm aJudul asli : A Veinte anas, luz aFiksi Indonesia - Terjemahan aAisyah, Sumarwoto aYOPDYOG(M) a06-11-07 a3 a07B0030061 a07B0030062 a07B0030063